MDQL
is popping MORE tags! Check the
thread
!
Quizzes
Events
Quiz Creation
Community
Videos
Private Events
Remove Ads
Sign In
Join for FREE
Feedback
Dark Mode
Quiz Categories
Sports
Geography
Music
Movies
Television
Just For Fun
Miscellaneous
History
Literature
Language
Science
Gaming
Entertainment
Religion
Holiday
For Kids
Quiz Lab
Recent
Popular Today
Quiz Kudos Today
Editor Picks
Curator Picks
Quizzes by...
Day
Popularity
Type
Ratings
Length
Year
Community
Subscriptions
Recent Discussions
Orange Saloon
Badges
Playlists
Quests
Create
Leaderboards
Showdown
Live 5
Trivia Bingo
Activity
Puzzle Library
Sporcle Events
Private Events
Virtual Trivia
Globe League
Become a Host
Pub Owners
SporcleCon
Opinionation
Our Games
Videos
Blog
Mobile Apps
Partnerships
Remove Ads and Go Orange
Feedback
Literature
Harry Potter
A Song of Ice and Fire
The Hunger Games
Literary Character
Shakespeare
Book
Author
Novel
Poem
Young Adult
Children's Books
Play
Lord of the Rings
Literature
Harry Potter
A Song of Ice and Fire
The Hunger Games
Literary Character
Shakespeare
Book
Author
Novel
Poem
Young Adult
Children's Books
Play
Lord of the Rings
Random Quiz
Search Sporcle
×
Quiz Lab
Quiz Lab
Literature
Novel
Type in answers that appear in a list
Type in answers that appear in a list
Classic
Best Score? Go Orange.
Authors of Books Stats
Can you name the Authors of the following books?
By
lebagelboy
10m
40 Questions
339 Plays
339 Plays
339 Plays
Comments
Comments
Give Quiz Kudos
Give Quiz Kudos
-
- Ratings
hide this ad
Replay
Link that replays current quiz
Next Quiz
Link to next quiz in quiz playlist
You Got
0%
They Got
Avg Score
68%
Avg Friend Score
Upgrade to see
Score Distribution
Jump to the score distribution portion of the page
Score
0/40
Timer
10:00
0
Plays Today
Book
Author
% Correct
Harry Potter Series
J.K Rowling
98.8%
The Lord of the Rings
J.R.R Tolkien
93.5%
The Lion the Witch and the Wardrobe
C.S Lewis
91.7%
Pride and Prejudice
Jane Austen
91.4%
The Da Vinci Code and Angels and Demons
Dan Brown
89.1%
Charlie and Chocolate Factory
Roald Dahl
88.5%
A Christmas Carol
Charles Dickens
87.9%
King Lear
William Shakespeare
87.3%
The Raven (poem), The Pit and the Pendulum, The Purloined Letter
Edgar Allen Poe
86.4%
Mein Kampf
Adolf Hitler
85.3%
The Origin of Species
Charles Darwin
85.3%
1984, Road to Wigan Pier and Animal Farm
Eric Blair (George Orwell)
84.4%
Frankenstein
Mary Shelley
83.8%
Alice in Wonderland
Charles Lutwidge Dodgson (Lewis Carroll)
82.9%
The Shining and Carrie
Stephen King
82%
Minority Report and 'Do Androids Dream of Electric Sheep?' (The film Bladerunner was based on)
Phillip K. Dick
81.7%
War and Peace
Leo Tolstoy
80.8%
The Grinch Who Stole Christmas
Theodor Seuss Geisel (Dr Seuss)
78.8%
The Adventures of Sherlock Holmes
Arthur Conan Doyle
77.3%
The War of the Worlds and the Time Machine
H.G Wells
77%
Book
Author
% Correct
A Series of Unfortunate Events
Lemony Snicket (Daniel Handler)
75.8%
Dracula
Bram Stoker
73.7%
The Miss Marple series and Murder on the Orient Express
Agatha Christie
70.5%
Winnie the Pooh
A.A. Milne
70.2%
Treasure Island
Robert Louis Stevenson
67.8%
James Bond Novels and Chitty Chitty Bang Bang
Ian Fleming
67.3%
20,000 Leagues under the sea
Jules Verne
66.7%
A Brief History of Time
Stephen Hawking
62.8%
The Little Mermaid, The Snow Queen and The Ugly Duckling
Hans Christian Andersen
60.5%
The Hitchhikers Guide to the Galaxy
Douglas Adams
59.9%
Northern Lights (the golden compass), The Subtle Knife, The Amber Spyglass
Phillip Pullman
56.3%
Clear and Present Danger, The Sum of all Fears and Rainbow Six
Tom Clancy
47.8%
I Robot and the Positronic Man
Issac Asimov
43.4%
The Artemis Fowl Series
Eoin Colfer
34.8%
Dune
Frank Herbert
34.8%
High Fidelity, About a Boy and Fever Pitch
Nick Hornby
32.7%
2001: A Space Odyssey
Arthur C. Clarke
30.7%
The Colour of Magic and The Hogfather
Terry Pratchett
25.7%
The Famous 5, The Secret 7 and Noddy
Enid Blyton or Mary Pollock
21.2%
Alex Rider series and Diamond Brothers books
Anthony Horowitz
16.5%
Quiz Playlist
Details
Report
Send in Message
Add To Playlist
Classic:
Type in answers that appear in a list
Last Updated: Feb 16, 2017
Quiz Scoreboard
CHALLENGE
Sign Up to Join the Scoreboard
Show All
Scores
Hide
Comments
May contain spoilers
Recently Published
1-10 Letter E Words III
by El_Dandy
Language
2m
Street Fighter Characters
by Artimus82
Gaming
60s
College Basketball Coaching Resumes
by pancakes188
Sports
9m
More to Explore
Quiz From the Vault
Featured Blog Post
Where Did the Easter Bunny Come From?
hide this ad
You Might Also Like...
Tags
Author Quiz
Book Quiz
Novel Quiz
Today's Top Quizzes in Literature
Browse Literature
hide this ad
Today's Top Quizzes in Novel
Browse Novel
Top Contributed Quizzes in Literature
1
Sneaky Slytherin Logic Puzzle
2
Get The Picture: Black or White Literature
3
5-to-1: Plays
4
One Thing in Common: Literature
5
A Court of Thorns and Roses (ACoTaR) Logic Puzzle
6
One Thing in Common: Literature II
7
One Thing in Common: Books
8
One Thing in Common: Literature 3
9
'Middle' Earth
10
One Thing in Common: Books II
Explore More
Trending Topics
Anime
Kpop
Marvel
Disney
NBA
Harry Potter
Crossword
Country
Puzzle
The Office
NFL
Pokémon
Song
WWE
Soccer
hide this ad
More By:
lebagelboy
Quiz
Plays
Rating
Category
Featured
Created
Top 20 Ways To Kill A Zombie
1,024
1.00
Just For Fun
Mar 10, 2010
18 H on a G C
812
2.91
Miscellaneous
Dec 23, 2009
Films with Numbers
757
3.50
Movies
Dec 23, 2009
Sci-Fi Film Trivia
576
4.00
Movies
Dec 18, 2009
Stargate characters
548
1.86
Television
Dec 12, 2009
Go to Creator's Profile
Score Distribution
Quiz Creator Spotlight
lebagelboy
Follow
Send a Message
Quizzes Created
-
Created Quiz Play Count
-
More By This Creator
Popular Quizzes Today
1
Find the US States - No Outlines Minefield
2
Find the Countries of Europe - No Outlines Minefield
3
The Countries of the World
4
Find the US States
5
Risky Map Clicking: Biggest States A-Z
6
US States
7
Popular People in 1961
8
Movies - When Are They Set?
More Literature Quizzes
Percy Jackson Top 200
Editor's Pick
Trending Quizzes
Risky Map Clicking: Least Populous States A-Z
1-10 Letter G Words
USA Borders Longest to Shortest
1-10 Letter F Words
Countries of the World: 200 Million BC
Recently Updated
Leaping Animals
pecheneg
Reality TV Shows (A-Z)
bhenderson79
Rickey Henderson's Hall of Fame Teammates
pecheneg
Champions League XIs: Arsenal
pecheneg
Quick Pick: Celebrities in WWE's Hall of Fame
aduchscher
A-Z Keypad Blitz II
pecheneg
Multiple Oscar Actors
pecheneg
Mystery Phrase Blitz: Oscar 'Best Actors'
pecheneg
F. Scott Fitzgerald Novels
LTH
Pick 3 Villains
ddd62291
Trending Topics
Kpop
Marvel
Harry Potter
Crossword
NBA
Anime
Disney
Song
Soccer
Pokémon
WWE
Country
The Office
Puzzle
NFL
Your Account Isn't Verified!
In order to create a playlist on Sporcle, you need to verify the email address you used during registration. Go to your
Sporcle Settings
to finish the process.
Report this User
Report this user for behavior that violates our
Community Guidelines
.
Details:
Send Report
Go to the Sporcle.com Mobile Site →
Comments